000 01017nas a2200337 4500
001 BR2013010225
003 BR-BrBNA
005 20231205123422.0
007 ta
008 230509b bl.|||p| |||| 00| 00por d
040 _aBR-BrBNA
_bpor
_cBiblioteca Nacional de Agricultura
041 _a(Pt)
072 _aL73; L50
100 1 _aTorres, M. de M.
100 1 _aAlmeida, A. de B.P.F. de
100 1 _aSorte, E. da C.B.
100 1 _aPaula, D.A.J. de
100 1 _aOliveira, A.C.S. de
100 1 _aPescador, C.A.
100 1 _aMendonça, A.J.
100 1 _aNakazato, L.
245 1 _aAssociação da carga parasitária renal com achados laboratoriais em cães com leishmaniose visceral
650 _aCÃO
650 _aLEISHMANIOSE
650 _aRIM
650 _aANÁLISE DE LABORATÓRIO
650 _aHISTOPATOLOGIA
773 0 _tCiência Rural (Brazil)
_xISSN 0103-8478
_g(May 2013), v. 43(5) p. 894-896
_wBR2013010225
909 _a202311
_bLúcia
_c55
_dLúcia Elande
942 _2AGRIS
_n0
_cANA
999 _c233774
_d233774